000 00653nam a2200217 a 4500
999 _c2406
_d2406
001 2406
003 BD-JhCC
005 20171102092416.0
008 171102s1365 bg |||| ||a| 000 0 ben d
035 _a(BD-JhCC)2406
040 _aBD-JhCC
_dBD-JhCC
041 _aben
082 _a891.4435
_bRAH 1365
100 _aরহমান, আতোয়ার
245 _aসাঁঝের বেলার রূপকথা /
_cআতোয়ার রহমান
260 _aঢাকা :
_bশিশু সাহিত্য ভবন,
_c1365.
300 _a134 p. :
_c22 cm.
650 _aFebles Stories
942 _2ddc
_cBK